| 000 | 00621nam a2200241u 4500 | ||
|---|---|---|---|
| 001 | 20976 | ||
| 003 | BD-RjUL | ||
| 005 | 20211209000632.0 | ||
| 008 | 140302s1911 enk 000 1 eng | ||
| 035 | _a(BD-RjUL)21038 | ||
| 040 |
_aDLC _cCarP _dBD-RjUL _beng |
||
| 041 | _aeng | ||
| 082 | 0 | 4 |
_bCAW 1911 _a823.91 |
| 100 | 1 |
_aCaine, Hall _964805 |
|
| 245 | 1 | 4 |
_aThe white prophet / _cHall Caine |
| 250 | _aNew & Rev. ed. | ||
| 260 |
_aLondon : _bW. Heinemann, _c1911. |
||
| 300 |
_avii, 372 p. ; _c18 cm. |
||
| 600 |
_dCaine, Hall _964805 |
||
| 942 |
_2ddc _cBK |
||
| 999 |
_c20976 _d20976 |
||